Loading...
| History - Other | 1 | 3 | 0 | 0 | 45 | 78 | 116.25 | 0 | 0 | 8.22 | 19.16 |
| Literature - World | 0 | 3 | 0 | 0 | 30 | 134 | 150.00 | 0 | 0 | 1.09 | 7.22 |
| Fine Arts - Other Arts | 0 | 3 | 0 | 1 | 30 | 142 | 154.00 | 0 | 1 | 0.17 | 2.92 |
| Religion | 0 | 3 | 0 | 1 | 30 | 141 | 148.67 | 0 | 0 | 0.11 | 3.89 |
| Mythology | 0 | 3 | 0 | 0 | 30 | 115 | 126.33 | 0 | 1 | 7.38 | 23.81 |
| Literature - European | 0 | 2 | 0 | 2 | 20 | 157 | 157.00 | 0 | 0 | 0.11 | 2.78 |
| History - World | 0 | 2 | 1 | 0 | 15 | 111 | 130.50 | 0 | 0 | 1.92 | 5.56 |
| Literature - British | 0 | 1 | 0 | 0 | 10 | 152 | 152.00 | 0 | 0 | 0.05 | 1.11 |
| Modern World | 0 | 1 | 0 | 0 | 10 | 81 | 81.00 | 0 | 0 | 8.00 | 12.00 |
| Science - Biology | 0 | 2 | 2 | 1 | 10 | 138 | 140.00 | 0 | 1 | 0.41 | 10.97 |
| Other Academic | 0 | 1 | 0 | 0 | 10 | 128 | 128.00 | 0 | 0 | 2.47 | 4.00 |
| Other Culture | 0 | 1 | 0 | 0 | 10 | 153 | 153.00 | 0 | 0 | 0.00 | 5.00 |
| History - European | 0 | 1 | 0 | 0 | 10 | 120 | 120.00 | 0 | 0 | 2.24 | 4.44 |
| Social Science | 0 | 0 | 0 | 0 | 0 | 0.00 | 0 | 0 | 0.00 | 0.00 | |
| Fine Arts - Classical Music and Opera | 0 | 0 | 1 | 0 | -5 | 0.00 | 0 | 0 | 0.00 | 0.00 |